000 01006nam a22002537a 4500
999 _c3997
_d3997
003 AR-CdUCM
008 190307b ||||| |||| 00| 0 spa d
040 _aMUNICIPALIDAD PROVINCIAL DEL CUSCO
_cBIBLIOTECA MUNICIPAL DEL CUSCO
041 _heng
082 _a910 /
_bB84
100 _aBroek, Jan O. M.
_912771
245 _aGeografía :
_bsu ámbito y su trascendencia /
260 _aMéxico :
_bUTEHA,
_c1967.
300 _aXII, 164, 11 páginas ;
_bilustraciones, mapas plegables,
_c18 cm.
440 _aManuales Uteha.
_n350
_912772
440 _aGeografía, Sección
_n9
_912773
505 _aContenido: Pensamiento y práctica geográficos -- Desarrollo del pensamiento geográfico -- Puntos de vista modernos en geografía -- Algunos temas de investigación -- Los métodos de la geografía ...
650 _aGeografía
_9318
650 _aGeografía moderna
_912774
650 _aGeografía urbana
_95846
700 _aPalafox, Luis (traducción)
_912775
942 _2ddc
_cLIBROS
945 _aachl